|
|
|
|
| LEADER |
02159nam a22004815i 4500 |
| 001 |
978-1-4471-2801-4 |
| 003 |
DE-He213 |
| 005 |
20151030051136.0 |
| 007 |
cr nn 008mamaa |
| 008 |
120423s2012 xxk| s |||| 0|eng d |
| 020 |
|
|
|a 9781447128014
|9 978-1-4471-2801-4
|
| 024 |
7 |
|
|a 10.1007/978-1-4471-2801-4
|2 doi
|
| 040 |
|
|
|d GrThAP
|
| 050 |
|
4 |
|a R858-859.7
|
| 072 |
|
7 |
|a MBG
|2 bicssc
|
| 072 |
|
7 |
|a UB
|2 bicssc
|
| 072 |
|
7 |
|a MED000000
|2 bisacsh
|
| 082 |
0 |
4 |
|a 502.85
|2 23
|
| 100 |
1 |
|
|a Benson, Tim.
|e author.
|
| 245 |
1 |
0 |
|a Principles of Health Interoperability HL7 and SNOMED
|h [electronic resource] /
|c by Tim Benson.
|
| 250 |
|
|
|a 2nd ed. 2012.
|
| 264 |
|
1 |
|a London :
|b Springer London :
|b Imprint: Springer,
|c 2012.
|
| 300 |
|
|
|a XXV, 316 p. 65 illus., 7 illus. in color.
|b online resource.
|
| 336 |
|
|
|a text
|b txt
|2 rdacontent
|
| 337 |
|
|
|a computer
|b c
|2 rdamedia
|
| 338 |
|
|
|a online resource
|b cr
|2 rdacarrier
|
| 347 |
|
|
|a text file
|b PDF
|2 rda
|
| 490 |
1 |
|
|a Health Information Technology Standards,
|x 2199-2517
|
| 520 |
|
|
|a Interoperability between healthcare computer systems depends on us developing, implementing and deploying appropriate standards, such as HL7 and SNOMED CT, working together as a tightly specified language. The documentation of HL7 and SNOMED runs to tens of thousands of pages and creates a steep learning curve and barrier to entry. Principles of Health Interoperability HL7 and SNOMED provides a clear introduction to these standards, explaining the core principles for the health IT professional, student, clinician and healthcare manager.
|
| 650 |
|
0 |
|a Medicine.
|
| 650 |
|
0 |
|a Public health.
|
| 650 |
|
0 |
|a Health informatics.
|
| 650 |
1 |
4 |
|a Medicine & Public Health.
|
| 650 |
2 |
4 |
|a Health Informatics.
|
| 650 |
2 |
4 |
|a Public Health.
|
| 650 |
2 |
4 |
|a Medicine/Public Health, general.
|
| 710 |
2 |
|
|a SpringerLink (Online service)
|
| 773 |
0 |
|
|t Springer eBooks
|
| 776 |
0 |
8 |
|i Printed edition:
|z 9781447128007
|
| 830 |
|
0 |
|a Health Information Technology Standards,
|x 2199-2517
|
| 856 |
4 |
0 |
|u http://dx.doi.org/10.1007/978-1-4471-2801-4
|z Full Text via HEAL-Link
|
| 912 |
|
|
|a ZDB-2-SME
|
| 950 |
|
|
|a Medicine (Springer-11650)
|